=LDR 00000nam 2200000 4500 =001 INLIS000000000016299 =005 20251204014152 =035 ##$$a 0010-061300000016299 =008 251204###########################0#ind## =041 ##$$a Ind =082 ##$$a 595.76 =090 ##$$a 595.76, Oda k =100 ##$$a Oda, Hidetomo =245 1#$$a Kumbang rusa, /$c Hidetomo Oda ; oalih bahasa, Blasius Hangkoso A.W =250 ##$$a seri mesteri alam =260 ##$$a 1997 :$b Jakarta =300 ##$$a 32 hlm : $b ilus ; $c 23 cm =650 #4$$a Kumbang rusa =700 #$$a Hangkoso AW, Blasius =850 ##$$a NBPNMAT =020 ##$$a 979-663-670-0 =084 ##$$a 595.76 ODA k =990 ##$$a 126.122/pro98